Từ điển sinh học Anh - Việt và Việt - Anh ( Khoảng 50.000 thuật ngữ ) = English - Vietnamese and Vietnamese - English dictionary of biology
Gồm khoảng 50000 thuật ngữ trong hầu hết các bộ môn của sinh học và của một số ngành liên quan
Guardat en:
| Autor principal: | |
|---|---|
| Format: | Llibre |
| Idioma: | Undetermined |
| Publicat: |
Hà Nội
Khoa học và Kỹ thuật
2004
|
| Matèries: | |
| Etiquetes: |
Afegir etiqueta
Sense etiquetes, Sigues el primer a etiquetar aquest registre!
|
| Thư viện lưu trữ: | Trung tâm Học liệu Trường Đại học Cần Thơ |
|---|
| LEADER | 00886nam a2200229Ia 4500 | ||
|---|---|---|---|
| 001 | CTU_64651 | ||
| 008 | 210402s9999 xx 000 0 und d | ||
| 020 | |b 250000 | ||
| 082 | |a 570.3 | ||
| 082 | |b T550 | ||
| 100 | |a Lê Mạnh Chiến ... [et al.] | ||
| 245 | 0 | |a Từ điển sinh học Anh - Việt và Việt - Anh ( Khoảng 50.000 thuật ngữ ) = | |
| 245 | 0 | |b English - Vietnamese and Vietnamese - English dictionary of biology | |
| 245 | 0 | |c Lê Mạnh Chiến ... [et al.] | |
| 260 | |a Hà Nội | ||
| 260 | |b Khoa học và Kỹ thuật | ||
| 260 | |c 2004 | ||
| 520 | |a Gồm khoảng 50000 thuật ngữ trong hầu hết các bộ môn của sinh học và của một số ngành liên quan | ||
| 650 | |a Biology | ||
| 650 | |x Terminology | ||
| 904 | |i Minh | ||
| 980 | |a Trung tâm Học liệu Trường Đại học Cần Thơ | ||